| 000 | 01322nam a2200337 a 4500 | ||
|---|---|---|---|
| 001 | ebr10194093 | ||
| 003 | CaPaEBR | ||
| 006 | m u | ||
| 007 | cr cn||||||||| | ||
| 008 | 070108s2007 nyu sb 001 0 eng | ||
| 010 | _z 2007060050 | ||
| 020 | _z0230600050 (alk. paper) | ||
| 020 | _z9780230600065 (pbk. : alk. paper) | ||
| 020 | _z0230600069 (pbk. : alk. paper) | ||
| 040 |
_aCaPaEBR _cCaPaEBR |
||
| 035 | _a(OCoLC)567827701 | ||
| 043 | _ad------ | ||
| 050 | 1 | 4 |
_aRA441.5 _b.B66 2007eb |
| 082 | 0 | 4 |
_a338.4/73621 _222 |
| 100 | 1 | _aBookman, Milica Zarkovic. | |
| 245 | 1 | 0 |
_aMedical tourism in developing countries _h[electronic resource] / _cMilica Z. Bookman and Karla R. Bookman. |
| 260 |
_aNew York : _bPalgrave MacMillan, _c2007. |
||
| 300 | _axi, 245 p. | ||
| 504 | _aIncludes bibliographical references (p. [223]-229) and index. | ||
| 533 |
_aElectronic reproduction. _bPalo Alto, Calif. : _cebrary, _d2013. _nAvailable via World Wide Web. _nAccess may be limited to ebrary affiliated libraries. |
||
| 650 | 0 |
_aMedical tourism _zDeveloping countries. |
|
| 655 | 7 |
_aElectronic books. _2local |
|
| 700 | 1 | _aBookman, Karla R. | |
| 710 | 2 | _aebrary, Inc. | |
| 856 | 4 | 0 |
_uhttp://site.ebrary.com/lib/rucke/Doc?id=10194093 _zAn electronic book accessible through the World Wide Web; click to view |
| 999 |
_c221256 _d221256 |
||